Normal view
MARC view
Entry Término temático
001 - NÚMERO DE CONTROL
- campo de control: 34915
003 - IDENTIFICADOR DEL NÚMERO DE CONTROL
- campo de control: FranzMayer
005 - FECHA Y HORA DE LA ÚLTIMA TRANSACCIÓN
- campo de control: 20260601193400.0
008 - DATOS DE LONGITUD FIJA
- campo de control de longitud fija: 260601|| aca||aabn | a|a d
040 ## - FUENTE DE LA CATALOGACIÓN
- Centro catalogador/agencia de origen: FranzMayer
- Centro/agencia transcriptor: FranzMayer
150 ## - ENCABEZAMIENTO--TÉRMINO DE MATERIA
- Término de materia o nombre geográfico como elemento de entrada: Decoracion de interiores
- Subdivisión de forma: Manuales, etc.
- Subdivisión general: Normas
670 ## - FUENTE DE DATOS ENCONTRADOS
- Cita de la fuente: Work cat.: (FranzMayer)20973: De Chiara Joseph 34914, Time-saver standards for interior design and space planning